[Event "5MCR_4D_1L_4S"]
[Site "?"]
[Date "2002.??.??"]
[Round "?"]
[White "Cakl, Zdenek"]
[Black "Mozny, Milos"]
[Result "0-1"]
[WhiteElo "2155"]
[BlackElo "2000"]
[PlyCount "66"]
[EventDate "2002.??.??"]
[EventType "corr"]
[SourceDate "2004.??.??"]

1. Nf3 Nf6 2. b3 d6 3. d4 Nbd7 4. Bb2 c6 5. e3 g6 6. Be2 Bg7 7. O-O O-O 8. c4
Re8 9. Qc2 e5 10. dxe5 dxe5 11. Nc3 Nc5 12. Rad1 Qb6 13. e4 a5 14. Rd2 Qc7 15.
Rfd1 b6 16. a3 Nfd7 17. b4 axb4 18. axb4 Ne6 19. b5 c5 20. Nd5 Qb8 21. Ra1
Rxa1+ 22. Bxa1 Nd4 23. Qd3 Nf6 24. Qb1 Nxd5 25. exd5 Bf5 26. Qa2 Bh6 27. Rd1
Qa8 28. Qb2 Qa4 29. h3 Ra8 30. Kh1 Bc2 31. Rf1 f6 32. Nxd4 exd4 33. f4 Bxf4 0-1

[Event "5MCR_4D_1L_4S"]
[Site "?"]
[Date "2002.??.??"]
[Round "?"]
[White "Cakl, Zdenek"]
[Black "Struzka, Vlastimil"]
[Result "1/2-1/2"]
[WhiteElo "2155"]
[BlackElo "2180"]
[PlyCount "46"]
[EventDate "2002.??.??"]
[EventType "corr"]
[SourceDate "2004.??.??"]

1. e4 d6 2. d4 Nf6 3. Nc3 g6 4. Bd3 Bg7 5. Nge2 O-O 6. f3 c5 7. d5 a6 8. a4
Nbd7 9. O-O Qa5 10. Be3 Ne5 11. Ng3 Qb4 12. Qd2 Nxd3 13. Qxd3 Nd7 14. Rfb1 Ne5
15. Qe2 Bd7 16. Bg5 Rfe8 17. a5 h6 18. Bf4 Rab8 19. Ra3 Qd4+ 20. Be3 Qc4 21.
Qf2 Qb4 22. Na2 Qb5 23. Nc3 Qb4 1/2-1/2

[Event "5MCR_4D_1L_4S"]
[Site "?"]
[Date "2002.??.??"]
[Round "?"]
[White "Flek, Vladislav"]
[Black "Hladik, Josef"]
[Result "0-1"]
[WhiteElo "2000"]
[BlackElo "2205"]
[PlyCount "48"]
[EventDate "2002.??.??"]
[EventType "corr"]
[SourceDate "2004.??.??"]

1. e4 e5 2. Nf3 Nc6 3. Bb5 a6 4. Ba4 Nf6 5. O-O Be7 6. Re1 b5 7. Bb3 d6 8. h3
Na5 9. d4 exd4 10. e5 dxe5 11. Nxe5 O-O 12. Bd2 b4 13. a3 Bb7 14. axb4 Nxb3 15.
cxb3 Ne4 16. Ra5 Bh4 17. Rf1 Re8 18. Nf3 Bf6 19. Bf4 c5 20. Nbd2 cxb4 21. Nc4
Bd5 22. Qa1 Re6 23. Re1 d3 24. Be5 Bxe5 0-1

[Event "5MCR_4D_1L_4S"]
[Site "?"]
[Date "2002.??.??"]
[Round "?"]
[White "Flek, Vladislav"]
[Black "Janecek, Josef"]
[Result "0-1"]
[WhiteElo "2000"]
[BlackElo "2185"]
[PlyCount "58"]
[EventDate "2002.??.??"]
[EventType "corr"]
[SourceDate "2004.??.??"]

1. e4 c5 2. Nc3 Nc6 3. g3 g6 4. Bg2 Bg7 5. d3 d6 6. Nge2 e6 7. Be3 Nd4 8. O-O
Ne7 9. Qd2 O-O 10. Nd1 b6 11. c3 Nxe2+ 12. Qxe2 Bb7 13. f4 Qd7 14. g4 f5 15.
Nf2 a5 16. c4 Nc6 17. h3 Nd4 18. Qd2 a4 19. Rac1 a3 20. b3 d5 21. cxd5 exd5 22.
Rb1 dxe4 23. dxe4 fxe4 24. Nxe4 Rae8 25. Nc3 Bxg2 26. Kxg2 Qb7+ 27. Kg3 h5 28.
b4 h4+ 29. Kxh4 Qe7+ 0-1

[Event "5MCR_4D_1L_4S"]
[Site "?"]
[Date "2002.??.??"]
[Round "?"]
[White "Flek, Vladislav"]
[Black "Kuta, Miroslav"]
[Result "0-1"]
[WhiteElo "2000"]
[BlackElo "2180"]
[PlyCount "72"]
[EventDate "2002.??.??"]
[EventType "corr"]
[SourceDate "2004.??.??"]

1. e4 c6 2. d4 d5 3. Nc3 dxe4 4. Nxe4 Nd7 5. Nf3 Ngf6 6. Ng3 e6 7. Bd3 c5 8. c3
cxd4 9. cxd4 Be7 10. O-O O-O 11. Qe2 Nb6 12. Bd2 Nbd5 13. a3 Bd7 14. Ne5 Qb6
15. Bc4 Rfd8 16. Qd3 Rac8 17. b4 Be8 18. Ne2 a6 19. Rac1 Bb5 20. Qf3 Bxc4 21.
Nxc4 Qb5 22. Ne5 h6 23. g4 Qe8 24. Qh3 Ne4 25. Be3 Nd6 26. Nf4 Rxc1 27. Rxc1
Nxf4 28. Bxf4 Nb5 29. Qe3 Nxd4 30. Rc4 Nb5 31. Qb6 Nxa3 32. Rc7 Rd1+ 33. Kg2
Bd8 34. Rc8 f6 35. Qxb7 fxe5 36. Bxe5 Qg6 0-1

[Event "5MCR_4D_1L_4S"]
[Site "?"]
[Date "2002.??.??"]
[Round "?"]
[White "Flek, Vladislav"]
[Black "Lorenc, Tomas"]
[Result "0-1"]
[WhiteElo "2000"]
[BlackElo "2200"]
[PlyCount "50"]
[EventDate "2002.??.??"]
[EventType "corr"]
[SourceDate "2004.??.??"]

1. e4 c5 2. Nc3 Nc6 3. g3 g6 4. Bg2 Bg7 5. Nge2 d6 6. d3 e6 7. Be3 Nd4 8. Qd2
Ne7 9. h4 Nec6 10. h5 Qb6 11. Nd1 Nb4 12. Nxd4 cxd4 13. c3 Nc6 14. f4 Bd7 15.
Nf2 Rc8 16. Ng4 h6 17. hxg6 fxg6 18. f5 exf5 19. Bxh6 dxc3 20. bxc3 Rxh6 21.
Rxh6 Qg1+ 22. Bf1 Qxg3+ 23. Kd1 Qg1 24. Ke1 Nd4 25. Rh3 fxe4 0-1

[Event "5MCR_4D_1L_4S"]
[Site "?"]
[Date "2002.??.??"]
[Round "?"]
[White "Flek, Vladislav"]
[Black "Mozny, Milos"]
[Result "1/2-1/2"]
[WhiteElo "2000"]
[BlackElo "2000"]
[PlyCount "115"]
[EventDate "2002.??.??"]
[EventType "corr"]
[SourceDate "2004.??.??"]

1. e4 c5 2. Nc3 e6 3. g3 Nc6 4. Bg2 g6 5. Nge2 Bg7 6. d3 Nge7 7. Be3 Nd4 8. Nf4
d6 9. Qd2 Qa5 10. O-O Rb8 11. h4 h5 12. Nh3 b5 13. a3 Qc7 14. Rab1 a5 15. Ne2
Nxe2+ 16. Qxe2 b4 17. Qd2 Nc6 18. f4 Ne7 19. Ng5 O-O 20. c3 bxc3 21. bxc3 Bd7
22. d4 c4 23. Qc2 Rxb1 24. Rxb1 Rb8 25. Bf3 d5 26. Kf2 f6 27. Nh3 dxe4 28. Bxe4
e5 29. Ng1 f5 30. Bf3 e4 31. Bd1 Bf8 32. Rxb8 Qxb8 33. Be2 Be6 34. Nh3 Qb3 35.
Qxb3 cxb3 36. Bc1 Bh6 37. Ng5 Bxg5 38. fxg5 f4 39. gxf4 Nf5 40. Ba6 Nd6 41. Ke3
Kf7 42. Be2 Bc4 43. Bxc4+ Nxc4+ 44. Kxe4 Nd6+ 45. Ke5 Nf5 46. c4 Nxh4 47. c5
Nf5 48. Bb2 h4 49. Ke4 h3 50. Kf3 Ke6 51. c6 a4 52. d5+ Ke7 53. Kf2 Ke8 54. Kg1
Ne7 55. Kh2 Nxd5 56. f5 Ne7 57. c7 gxf5 58. g6 1/2-1/2

[Event "5MCR_4D_1L_4S"]
[Site "?"]
[Date "2002.??.??"]
[Round "?"]
[White "Flek, Vladislav"]
[Black "Musil, Martin"]
[Result "0-1"]
[WhiteElo "2000"]
[BlackElo "2000"]
[PlyCount "42"]
[EventDate "2002.??.??"]
[EventType "corr"]
[SourceDate "2004.??.??"]

1. e4 e6 2. d4 d5 3. Nd2 Nf6 4. e5 Nfd7 5. Bd3 c5 6. c3 Nc6 7. Ne2 cxd4 8. cxd4
f6 9. Nf4 Nxd4 10. Qh5+ Ke7 11. Ng6+ hxg6 12. exf6+ Nxf6 13. Qxh8 Kf7 14. f4
Nc6 15. Qh4 e5 16. fxe5 Nxe5 17. Be2 Qb6 18. Nf3 Nxf3+ 19. gxf3 Bf5 20. a3 Re8
21. Kf1 Qe6 0-1

[Event "5MCR_4D_1L_4S"]
[Site "?"]
[Date "2002.??.??"]
[Round "?"]
[White "Flek, Vladislav"]
[Black "Rybakova, Ivana"]
[Result "0-1"]
[WhiteElo "2000"]
[BlackElo "2170"]
[PlyCount "62"]
[EventDate "2002.??.??"]
[EventType "corr"]
[SourceDate "2004.??.??"]

1. e4 e5 2. Nf3 Nc6 3. Bb5 a6 4. Ba4 Nf6 5. O-O Be7 6. Re1 b5 7. Bb3 O-O 8. d4
d6 9. c3 Bg4 10. d5 Na5 11. Bc2 c6 12. h3 Bc8 13. dxc6 Qc7 14. Nbd2 Qxc6 15.
Nf1 Be6 16. Ng3 g6 17. Qe2 Rfc8 18. Bd3 Nb7 19. Nh2 Nc5 20. f4 Nxd3 21. Qxd3 b4
22. cxb4 d5 23. a3 dxe4 24. Nxe4 Nxe4 25. Qxe4 Bd5 26. Qe2 Bh4 27. Rd1 Bb3 28.
Nf3 Bxd1 29. Qxd1 Qb6+ 30. Kh2 Qf2 31. Nxh4 Qxh4 0-1

[Event "5MCR_4D_1L_4S"]
[Site "?"]
[Date "2002.??.??"]
[Round "?"]
[White "Hladik, Josef"]
[Black "Janecek, Josef"]
[Result "1/2-1/2"]
[WhiteElo "2205"]
[BlackElo "2185"]
[PlyCount "107"]
[EventDate "2002.??.??"]
[EventType "corr"]
[SourceDate "2004.??.??"]

1. e4 c5 2. Nf3 Nc6 3. d4 cxd4 4. Nxd4 Nf6 5. Nc3 e5 6. Ndb5 d6 7. Bg5 a6 8.
Na3 b5 9. Bxf6 gxf6 10. Nd5 Bg7 11. c3 f5 12. exf5 Bxf5 13. Nc2 Be6 14. g3 O-O
15. Bg2 f5 16. O-O Rc8 17. a4 Kh8 18. axb5 axb5 19. Ra6 Nb8 20. Ra7 Nc6 21. Rb7
Rb8 22. Rxb8 Qxb8 23. Qh5 Qc8 24. Nce3 Qd7 25. Ra1 b4 26. Ra4 f4 27. Be4 h6 28.
Qg6 Bg8 29. Nb6 Qe6 30. Qxe6 Bxe6 31. Nec4 bxc3 32. bxc3 d5 33. Nxd5 Rd8 34.
Ncb6 Bh3 35. Ra8 fxg3 36. Rxd8+ Nxd8 37. hxg3 Ne6 38. c4 Nc5 39. Nc3 Bf8 40. f3
Be6 41. Kf2 Be7 42. Nbd5 Bxd5 43. Nxd5 Bd8 44. Ke3 Kg7 45. f4 exf4+ 46. gxf4
Nd7 47. Kf3 h5 48. Bf5 Nb6 49. Ne3 Be7 50. Bd3 Kf7 51. Nf5 Bb4 52. Ng3 h4 53.
Ne4 Nd7 54. Kg4 1/2-1/2

[Event "5MCR_4D_1L_4S"]
[Site "?"]
[Date "2002.??.??"]
[Round "?"]
[White "Hladik, Josef"]
[Black "Kolarik, Jiri"]
[Result "1/2-1/2"]
[WhiteElo "2205"]
[BlackElo "2375"]
[PlyCount "59"]
[EventDate "2002.??.??"]
[EventType "corr"]
[SourceDate "2004.??.??"]

1. e4 e6 2. d4 d5 3. e5 c5 4. c3 Nc6 5. Nf3 Qb6 6. a3 Bd7 7. b4 cxd4 8. cxd4
Rc8 9. Bb2 Na5 10. Nbd2 Nc4 11. Nxc4 dxc4 12. Rc1 Qa6 13. d5 exd5 14. Qxd5 Ne7
15. Qe4 b5 16. Be2 Qc6 17. Qxc6 Nxc6 18. Ng5 Bf5 19. g4 Bd7 20. Ne4 a5 21. bxa5
Nxa5 22. Rg1 Nb7 23. Rg3 Bc6 24. Re3 Bxe4 25. Rxe4 Nc5 26. Re3 Be7 27. f4 O-O
28. Rb1 Rb8 29. Bc1 Rfd8 30. g5 1/2-1/2

[Event "5MCR_4D_1L_4S"]
[Site "?"]
[Date "2002.??.??"]
[Round "?"]
[White "Hladik, Josef"]
[Black "Kovar, Jan"]
[Result "1/2-1/2"]
[WhiteElo "2205"]
[BlackElo "2000"]
[PlyCount "85"]
[EventDate "2002.??.??"]
[EventType "corr"]
[SourceDate "2004.??.??"]

1. e4 e6 2. d4 d5 3. Nc3 Nf6 4. Bg5 Bb4 5. e5 h6 6. Bc1 Ne4 7. Qg4 Kf8 8. a3
Bxc3+ 9. bxc3 c5 10. Bd3 Nxc3 11. dxc5 Nc6 12. Nf3 Qa5 13. O-O Qxc5 14. a4 Kg8
15. Ba3 Qa5 16. Bd6 Bd7 17. Ra3 Rc8 18. Rb3 b6 19. Ra1 d4 20. Qf4 Qd5 21. Bb4
Nxb4 22. Rxb4 Qb7 23. Qxd4 Nd5 24. Rb3 Qc7 25. Nd2 Ne7 26. Nc4 Nf5 27. Bxf5
exf5 28. Nd6 Qc5 29. c3 Rc7 30. a5 bxa5 31. g4 g6 32. gxf5 gxf5 33. Qf4 Kh7 34.
c4 Rg8+ 35. Rg3 Rg6 36. h3 Rxg3+ 37. Qxg3 Qd4 38. Rxa5 Rc6 39. Kh2 Rb6 40. Rd5
Qa1 41. Qf4 Be6 42. Rb5 Rxb5 43. Nxb5 1/2-1/2

[Event "5MCR_4D_1L_4S"]
[Site "?"]
[Date "2002.??.??"]
[Round "?"]
[White "Hladik, Josef"]
[Black "Lorenc, Tomas"]
[Result "1-0"]
[WhiteElo "2205"]
[BlackElo "2200"]
[PlyCount "97"]
[EventDate "2002.??.??"]
[EventType "corr"]
[SourceDate "2004.??.??"]

1. e4 c5 2. Nf3 Nc6 3. d4 cxd4 4. Nxd4 Nf6 5. Nc3 d6 6. g3 g6 7. Nde2 b6 8. Bg2
Bb7 9. O-O Bg7 10. b3 O-O 11. Bb2 Rc8 12. Rb1 a6 13. Nd5 Ne5 14. c4 b5 15. cxb5
axb5 16. Qd2 Nxd5 17. exd5 Qb6 18. Bd4 Qa6 19. f4 Nd7 20. Bxg7 Kxg7 21. Rbe1
Rc7 22. Qd4+ Nf6 23. g4 Kg8 24. g5 Nh5 25. f5 gxf5 26. Rxf5 Ng7 27. Rf2 e6 28.
Ng3 Bxd5 29. Bxd5 exd5 30. Qxd5 Rc5 31. Qd2 Qb6 32. Ne4 Rf5 33. Ree2 Rc8 34. h4
Rxf2 35. Rxf2 Ne8 36. Qd5 Rc1+ 37. Kg2 Rc7 38. a3 Qc6 39. Rf5 Qc2+ 40. Nf2 Ng7
41. Rf3 Qc5 42. Ne4 Qxd5 43. Nf6+ Kf8 44. Nxd5 Rc2+ 45. Rf2 Rc1 46. Nf6 Ra1 47.
Nxh7+ Ke7 48. Re2+ Kd8 49. Nf6 1-0

[Event "5MCR_4D_1L_4S"]
[Site "?"]
[Date "2002.??.??"]
[Round "?"]
[White "Hladik, Josef"]
[Black "Musil, Martin"]
[Result "1/2-1/2"]
[WhiteElo "2205"]
[BlackElo "2000"]
[PlyCount "67"]
[EventDate "2002.??.??"]
[EventType "corr"]
[SourceDate "2004.??.??"]

1. e4 e6 2. d4 d5 3. Nd2 Nf6 4. e5 Nfd7 5. f4 c5 6. Ndf3 Nc6 7. Ne2 Qb6 8. c3
f6 9. exf6 Nxf6 10. g3 cxd4 11. Nexd4 Bc5 12. Bg2 O-O 13. O-O Ne4 14. Kh1 Bd7
15. a4 a5 16. Ra2 Bxd4 17. cxd4 Be8 18. Ra3 Rc8 19. Bh3 Rf6 20. Ng5 Nxg5 21.
fxg5 Rxf1+ 22. Qxf1 Bd7 23. Rd3 Nb4 24. Rc3 Qxd4 25. Be3 Qe4+ 26. Bg2 Qg6 27.
Rxc8+ Bxc8 28. Qf4 Qb1+ 29. Bg1 Nd3 30. Qd2 Bd7 31. h3 Bc6 32. Qxa5 Qxb2 33. g6
hxg6 34. Qd8+ 1/2-1/2

[Event "5MCR_4D_1L_4S"]
[Site "?"]
[Date "2002.??.??"]
[Round "?"]
[White "Hladik, Josef"]
[Black "Rachunek, Milan"]
[Result "1-0"]
[WhiteElo "2205"]
[BlackElo "2235"]
[PlyCount "91"]
[EventDate "2002.??.??"]
[EventType "corr"]
[SourceDate "2004.??.??"]

1. e4 e5 2. Nf3 Nc6 3. Bb5 a6 4. Ba4 Nf6 5. O-O Be7 6. Re1 b5 7. Bb3 d6 8. c3
O-O 9. h3 Na5 10. Bc2 c5 11. d4 cxd4 12. cxd4 exd4 13. Nxd4 Bb7 14. Nf5 Re8 15.
Bg5 Nc4 16. Nd2 Ne5 17. Nf3 h6 18. Bh4 Bf8 19. Nxe5 Rxe5 20. Qf3 g5 21. Bg3 Re6
22. Rad1 Rc8 23. Bb1 Rc4 24. Nd4 Re8 25. b3 Rc8 26. Nf5 Re6 27. h4 Nd7 28. hxg5
Qxg5 29. Bxd6 Ne5 30. Qh3 b4 31. Bxf8 Kxf8 32. f3 Rd8 33. Rxd8+ Qxd8 34. Qg3
Qd2 35. Qf2 Qxf2+ 36. Kxf2 Bc8 37. f4 Ng6 38. Rc1 Bd7 39. Rc7 Be8 40. g3 Ne7
41. Nxe7 Rxe7 42. Rxe7 Kxe7 43. Ke3 a5 44. Kd4 f6 45. Kc5 Bh5 46. Kb5 1-0

[Event "5MCR_4D_1L_4S"]
[Site "?"]
[Date "2002.??.??"]
[Round "?"]
[White "Hladik, Josef"]
[Black "Rybakova, Ivana"]
[Result "1-0"]
[WhiteElo "2205"]
[BlackElo "2170"]
[PlyCount "89"]
[EventDate "2002.??.??"]
[EventType "corr"]
[SourceDate "2004.??.??"]

1. e4 e5 2. Nf3 Nc6 3. Bb5 a6 4. Ba4 Nf6 5. O-O Be7 6. Re1 b5 7. Bb3 O-O 8. h3
Bb7 9. d3 d6 10. a3 d5 11. exd5 Nxd5 12. Nxe5 Nxe5 13. Rxe5 Bf6 14. Re1 Re8 15.
Nd2 Nb6 16. Rxe8+ Qxe8 17. c3 Rd8 18. Qf1 c5 19. Bc2 Be7 20. Ne4 Qc6 21. Bd2 c4
22. d4 Nd5 23. Re1 Re8 24. Ng3 Bd6 25. Rxe8+ Qxe8 26. Ne4 Bf8 27. Qd1 g6 28.
Qf3 f5 29. Nc5 Bc6 30. Qd1 a5 31. b3 a4 32. bxc4 bxc4 33. Qf1 Bb5 34. Bd1 Bxc5
35. dxc5 Qe7 36. Bf3 Qxc5 37. Qe1 Qd6 38. Bh6 Ne7 39. Qe3 Kf7 40. Qa7 Qe6 41.
Qb8 Be8 42. Kf1 Qd7 43. Qe5 Qb5 44. Qg7+ Ke6 45. Kg1 1-0

[Event "5MCR_4D_1L_4S"]
[Site "?"]
[Date "2002.??.??"]
[Round "?"]
[White "Janecek, Josef"]
[Black "Cakl, Zdenek"]
[Result "1-0"]
[WhiteElo "2185"]
[BlackElo "2155"]
[PlyCount "47"]
[EventDate "2002.??.??"]
[EventType "corr"]
[SourceDate "2004.??.??"]

1. e4 c5 2. Nf3 Nc6 3. d4 cxd4 4. Nxd4 d6 5. Nc3 g6 6. Be3 Bg7 7. Qd2 Nf6 8. f3
O-O 9. Bc4 Bd7 10. O-O-O Rc8 11. Bb3 Ne5 12. h4 Nc4 13. Bxc4 Rxc4 14. h5 Nxh5
15. g4 Nf6 16. Nb3 Re8 17. e5 Nxg4 18. fxg4 Bxg4 19. Rdg1 h5 20. e6 f5 21. Bd4
Qc8 22. Bxg7 Kxg7 23. Nd4 Qc5 24. Rxg4 1-0

[Event "5MCR_4D_1L_4S"]
[Site "?"]
[Date "2002.??.??"]
[Round "?"]
[White "Janecek, Josef"]
[Black "Kolarik, Jiri"]
[Result "1/2-1/2"]
[WhiteElo "2185"]
[BlackElo "2375"]
[PlyCount "144"]
[EventDate "2002.??.??"]
[EventType "corr"]
[SourceDate "2004.??.??"]

1. e4 e6 2. d4 d5 3. Nd2 Nf6 4. e5 Nfd7 5. Bd3 c5 6. c3 Nc6 7. Ngf3 Qb6 8. O-O
cxd4 9. cxd4 Nxd4 10. Nxd4 Qxd4 11. Nf3 Qb6 12. Qa4 Qb4 13. Qc2 Nc5 14. Bd2 Qa4
15. b3 Qd7 16. Be2 b6 17. Be3 Be7 18. b4 Qa4 19. Qb2 Nd7 20. a3 Ba6 21. b5 Bb7
22. Rfc1 Rc8 23. Bd1 Qe4 24. h3 Qg6 25. Rxc8+ Bxc8 26. Bc2 Qh5 27. Qc3 Bc5 28.
Kh2 f6 29. Re1 O-O 30. Bxc5 Nxc5 31. exf6 gxf6 32. Rd1 Qf7 33. Qd4 Bb7 34. Qd2
a6 35. bxa6 Bxa6 36. Kg1 Bc4 37. Rb1 Qc7 38. Nd4 e5 39. Nf5 b5 40. h4 d4 41. h5
Qd7 42. Nh6+ Kg7 43. Bf5 Qe8 44. Bg4 Kh8 45. f3 Qd8 46. Nf5 Rg8 47. Nh6 Rg7 48.
Nf5 Ra7 49. Qh6 Kg8 50. Kh2 Nd3 51. a4 b4 52. Ng3 Rxa4 53. Ne4 Ra6 54. Bf5 Qe7
55. Nc5 Nxc5 56. Rxb4 Nb7 57. Rxc4 Nd6 58. Rb4 Ra8 59. Bd3 f5 60. Rb6 Rd8 61.
Kg1 e4 62. fxe4 fxe4 63. Bc2 d3 64. Bb3+ Kh8 65. Qf4 Ne8 66. Rb7 Qc5+ 67. Kf1
Qd6 68. Qxe4 Nf6 69. Qb4 Qe5 70. Qe7 Qxe7 71. Rxe7 d2 72. Ke2 d1=Q+ 1/2-1/2

[Event "5MCR_4D_1L_4S"]
[Site "?"]
[Date "2002.??.??"]
[Round "?"]
[White "Janecek, Josef"]
[Black "Kovar, Jan"]
[Result "1/2-1/2"]
[WhiteElo "2185"]
[BlackElo "2000"]
[PlyCount "42"]
[EventDate "2002.??.??"]
[EventType "corr"]
[SourceDate "2004.??.??"]

1. e4 e6 2. d4 d5 3. Nd2 c5 4. exd5 Qxd5 5. Ngf3 cxd4 6. Bc4 Qd6 7. O-O Nf6 8.
Nb3 Nc6 9. Nbxd4 Nxd4 10. Nxd4 Bd7 11. c3 Be7 12. Qf3 Qc7 13. Bd3 O-O 14. Re1
Rfd8 15. Bg5 Be8 16. Rad1 Rd5 17. Bf4 Bd6 18. Bxd6 Rxd6 19. Qg3 Rad8 20. Bc2
Bc6 21. h3 h6 1/2-1/2

[Event "5MCR_4D_1L_4S"]
[Site "?"]
[Date "2002.??.??"]
[Round "?"]
[White "Janecek, Josef"]
[Black "Lorenc, Tomas"]
[Result "1/2-1/2"]
[WhiteElo "2185"]
[BlackElo "2200"]
[PlyCount "64"]
[EventDate "2002.??.??"]
[EventType "corr"]
[SourceDate "2004.??.??"]

1. e4 c5 2. Nf3 Nc6 3. d4 cxd4 4. Nxd4 e6 5. Nc3 a6 6. g3 d6 7. Bg2 Bd7 8. O-O
Nf6 9. a4 Be7 10. Nb3 Na5 11. Nxa5 Qxa5 12. Bd2 Qc7 13. a5 O-O 14. Be3 Rac8 15.
Bb6 Qb8 16. Re1 Bd8 17. Be3 b5 18. axb6 Bxb6 19. Bg5 Qa7 20. Qe2 Bd4 21. Be3
Bxe3 22. Qxe3 Qb7 23. Reb1 e5 24. Qd3 Rc6 25. Nd1 Rfc8 26. Ne3 Be6 27. b3 Ng4
28. Nxg4 Bxg4 29. c4 Rb8 30. b4 Be6 31. b5 Rb6 32. Bf1 h6 1/2-1/2

[Event "5MCR_4D_1L_4S"]
[Site "?"]
[Date "2002.??.??"]
[Round "?"]
[White "Janecek, Josef"]
[Black "Musil, Martin"]
[Result "1/2-1/2"]
[WhiteElo "2185"]
[BlackElo "2000"]
[PlyCount "66"]
[EventDate "2002.??.??"]
[EventType "corr"]
[SourceDate "2004.??.??"]

1. e4 e6 2. d4 d5 3. Nd2 Nf6 4. e5 Nfd7 5. Bd3 c5 6. c3 Nc6 7. Ngf3 Qb6 8. O-O
cxd4 9. cxd4 Nxd4 10. Nxd4 Qxd4 11. Nf3 Qb6 12. Qa4 Qb4 13. Qc2 Qc5 14. Qe2 Be7
15. Be3 Qa5 16. a3 Qd8 17. Rac1 b6 18. Qc2 Rb8 19. Qa4 a6 20. Qg4 g6 21. b4 Bb7
22. Bh6 Rc8 23. Qf4 Rxc1 24. Rxc1 Qb8 25. Ng5 f6 26. Nxe6 Nxe5 27. Be2 Kd7 28.
Bg4 Nxg4 29. Qxg4 f5 30. Qd4 Kxe6 31. Bf4 Qd8 32. Rc7 Bc8 33. Qg7 Bd7 1/2-1/2

[Event "5MCR_4D_1L_4S"]
[Site "?"]
[Date "2002.??.??"]
[Round "?"]
[White "Janecek, Josef"]
[Black "Rachunek, Milan"]
[Result "1/2-1/2"]
[WhiteElo "2185"]
[BlackElo "2235"]
[PlyCount "56"]
[EventDate "2002.??.??"]
[EventType "corr"]
[SourceDate "2004.??.??"]

1. e4 e5 2. Nf3 Nc6 3. Bb5 a6 4. Ba4 Nf6 5. O-O Be7 6. Re1 b5 7. Bb3 d6 8. c3
O-O 9. h3 Na5 10. Bc2 c5 11. d4 cxd4 12. cxd4 exd4 13. Nxd4 Re8 14. Nc3 Bd7 15.
a4 b4 16. Nd5 Nxd5 17. exd5 Bf6 18. Rxe8+ Qxe8 19. Bf4 Rc8 20. Nf5 b3 21. Bd3
Bxf5 22. Bxf5 Rd8 23. Be3 Qe5 24. Bd3 Qxb2 25. Rb1 Qc3 26. Bb6 Rb8 27. Bxa5
Qxa5 28. Rxb3 Re8 1/2-1/2

[Event "5MCR_4D_1L_4S"]
[Site "?"]
[Date "2002.??.??"]
[Round "?"]
[White "Janecek, Josef"]
[Black "Rybakova, Ivana"]
[Result "1/2-1/2"]
[WhiteElo "2185"]
[BlackElo "2170"]
[PlyCount "64"]
[EventDate "2002.??.??"]
[EventType "corr"]
[SourceDate "2004.??.??"]

1. e4 e5 2. Nf3 Nc6 3. Bb5 a6 4. Ba4 Nf6 5. O-O Be7 6. Re1 b5 7. Bb3 O-O 8. a4
Bb7 9. d3 Re8 10. Nbd2 Bc5 11. Nf1 h6 12. c3 Na5 13. Ba2 b4 14. Be3 Bf8 15. Bd2
c5 16. Ne3 d5 17. exd5 Nxd5 18. Ng4 f6 19. cxb4 cxb4 20. d4 Qd7 21. Ne3 exd4
22. Nxd4 Kh8 23. Nxd5 Bxd5 24. Rxe8 Rxe8 25. Bxb4 Bxa2 26. Bxa5 Bf7 27. Rc1 Bd6
28. Nf3 Bd5 29. Qd3 Bb7 30. Qd1 Qg4 31. Qxd6 Bxf3 32. Qg3 Qxa4 1/2-1/2

[Event "5MCR_4D_1L_4S"]
[Site "?"]
[Date "2002.??.??"]
[Round "?"]
[White "Jordanek, Jiri"]
[Black "Flek, Vladislav"]
[Result "1-0"]
[WhiteElo "2000"]
[BlackElo "2000"]
[PlyCount "49"]
[EventDate "2002.??.??"]
[EventType "corr"]
[SourceDate "2004.??.??"]

1. e4 c5 2. Nf3 d6 3. d4 cxd4 4. Nxd4 Nf6 5. Nc3 a6 6. Bg5 e6 7. f4 Be7 8. Qf3
Qc7 9. O-O-O Bd7 10. f5 Nc6 11. Be2 Ne5 12. Qh3 Qc8 13. Rhf1 b5 14. fxe6 fxe6
15. Bh5+ Kd8 16. a3 Rb8 17. Qg3 Kc7 18. Be2 Qb7 19. Nf3 Nh5 20. Qh4 Nf6 21.
Nxe5 dxe5 22. Qg3 Bd6 23. Rd3 b4 24. Bxf6 gxf6 25. Rfd1 1-0

[Event "5MCR_4D_1L_4S"]
[Site "?"]
[Date "2002.??.??"]
[Round "?"]
[White "Jordanek, Jiri"]
[Black "Hladik, Josef"]
[Result "1/2-1/2"]
[WhiteElo "2000"]
[BlackElo "2205"]
[PlyCount "113"]
[EventDate "2002.??.??"]
[EventType "corr"]
[SourceDate "2004.??.??"]

1. e4 e5 2. Nf3 Nc6 3. Bb5 a6 4. Ba4 Nf6 5. O-O Be7 6. Re1 b5 7. Bb3 d6 8. c3
O-O 9. h3 Na5 10. Bc2 c5 11. d4 Nd7 12. Nbd2 exd4 13. cxd4 Nc6 14. Nf1 cxd4 15.
Nxd4 Nxd4 16. Qxd4 Ne5 17. Rd1 Bf6 18. Qxd6 Qxd6 19. Rxd6 Nc4 20. Rxf6 gxf6 21.
b3 Ne5 22. Ba3 Re8 23. Ne3 Bb7 24. Nf5 Rad8 25. Nd6 Rxd6 26. Bxd6 Rc8 27. Bd1
Bxe4 28. f3 Bd5 29. Ba3 Nd3 30. Be2 Nf4 31. Bf1 Rc2 32. Bc1 Ne2+ 33. Bxe2 Rxe2
34. Bh6 Re6 35. Rd1 Rd6 36. Kf2 f5 37. Be3 Kg7 38. Kg3 Kg6 39. Kf4 Rd7 40. Rc1
f6 41. h4 h5 42. Rc8 Rd6 43. Bc5 Rc6 44. Rxc6 Bxc6 45. Bb6 Bd7 46. Bc7 Bc8 47.
Ke3 f4+ 48. Kxf4 Bf5 49. g4 Bb1 50. a3 Bc2 51. b4 f5 52. g5 Bd1 53. Ke3 Bb3 54.
f4 Kf7 55. Kd4 Kg6 56. Kc5 Ba4 57. Kb6 1/2-1/2

[Event "5MCR_4D_1L_4S"]
[Site "?"]
[Date "2002.??.??"]
[Round "?"]
[White "Jordanek, Jiri"]
[Black "Janecek, Josef"]
[Result "1-0"]
[WhiteElo "2000"]
[BlackElo "2185"]
[PlyCount "123"]
[EventDate "2002.??.??"]
[EventType "corr"]
[SourceDate "2004.??.??"]

1. e4 c5 2. Nf3 Nc6 3. d4 cxd4 4. Nxd4 Nf6 5. Nc3 e5 6. Ndb5 d6 7. Bg5 a6 8.
Na3 b5 9. Bxf6 gxf6 10. Nd5 Bg7 11. c3 f5 12. exf5 Bxf5 13. Nc2 Be6 14. g3 O-O
15. Bg2 f5 16. O-O Rc8 17. a4 Kh8 18. axb5 axb5 19. Ra6 Nb8 20. Ra7 Nc6 21. Rb7
Rb8 22. Rxb8 Qxb8 23. Qd2 e4 24. f3 Bxd5 25. Qxd5 Ne7 26. Qe6 Qa7+ 27. Kh1 d5
28. Qd6 Rf6 29. Qb4 Qd7 30. Nd4 Ra6 31. Re1 Ra4 32. Qxb5 Qxb5 33. Nxb5 Ra2 34.
Rb1 Nc6 35. Nd6 e3 36. Bf1 Ne7 37. f4 h5 38. Nb5 Nc6 39. Kg2 d4 40. Bc4 Ra5 41.
Be2 Ra2 42. Kf3 Ra8 43. Rd1 Rd8 44. Bd3 Rd5 45. c4 Rc5 46. Ra1 Nb4 47. Ke2 Kh7
48. Ra7 Kg6 49. b3 Bf6 50. Bb1 Nd5 51. Rd7 Nc3+ 52. Nxc3 dxc3 53. Kxe3 Ra5 54.
Bc2 Rc5 55. Kd3 Rc8 56. b4 Rb8 57. b5 h4 58. g4 Rd8 59. Rxd8 Bxd8 60. Kxc3 Kf7
61. Bxf5 Bb6 62. Kb4 1-0

[Event "5MCR_4D_1L_4S"]
[Site "?"]
[Date "2002.??.??"]
[Round "?"]
[White "Jordanek, Jiri"]
[Black "Kuta, Miroslav"]
[Result "1/2-1/2"]
[WhiteElo "2000"]
[BlackElo "2180"]
[PlyCount "58"]
[EventDate "2002.??.??"]
[EventType "corr"]
[SourceDate "2004.??.??"]

1. e4 c6 2. d4 d5 3. Nc3 dxe4 4. Nxe4 Nd7 5. Bc4 Ngf6 6. Ng5 e6 7. Qe2 Nb6 8.
Bd3 h6 9. N5f3 c5 10. dxc5 Bxc5 11. Ne5 Nbd7 12. Ngf3 Qc7 13. O-O O-O 14. Bf4
Bd6 15. Rfe1 b6 16. Nxd7 Bxd7 17. Bxd6 Qxd6 18. Rad1 Qc7 19. Qe5 Qb7 20. Qg3
Rfd8 21. c3 Ba4 22. Rd2 Rac8 23. Ne5 Qc7 24. Qe3 Be8 25. Red1 Rd5 26. f4 b5 27.
Be2 Rxd2 28. Qxd2 Nd5 29. Qd4 f6 1/2-1/2

[Event "5MCR_4D_1L_4S"]
[Site "?"]
[Date "2002.??.??"]
[Round "?"]
[White "Jordanek, Jiri"]
[Black "Lorenc, Tomas"]
[Result "1/2-1/2"]
[WhiteElo "2200"]
[BlackElo "2000"]
[PlyCount "57"]
[EventDate "2002.??.??"]
[EventType "corr"]
[SourceDate "2004.??.??"]

1. e4 c5 2. Nf3 Nc6 3. d4 cxd4 4. Nxd4 e6 5. Nc3 a6 6. Be2 d6 7. O-O Nf6 8. Be3
Be7 9. f4 O-O 10. a4 Qc7 11. Kh1 Re8 12. Bf3 Rb8 13. g4 Nd7 14. Bg2 Bf8 15. f5
Nde5 16. g5 Nc4 17. Bc1 Bd7 18. g6 hxg6 19. Nxe6 Bxe6 20. fxe6 Rxe6 21. Nd5 Qd8
22. Qe1 N4e5 23. Bh3 Re8 24. Be3 b5 25. axb5 axb5 26. Qf2 Rb7 27. Ra6 b4 28. b3
Qb8 29. Rfa1 1/2-1/2